000 00461nam a2200169Ia 4500
008 090711s9999 xx 000 0 und d
082 _b49764
100 _aतिबिले अनंत
245 _aप्रतिशोध
260 _c1983
300 _a192
600 _aतिबिले अनंत
630 _aप्रतिशोध
700 _aतिबिले अनंत
730 _aप्रतिशोध
942 _cBOOK
999 _c301354
_d301354